[Event "2. Bundesliga West 2018/19"]
[Site "Kufstein; NMS II, Sporthalle Fischergries"]
[Date "2019.02.10"]
[Round "8"]
[Board "5"]
[White "Engelhart, Achim"]
[Black "Egger, Martin"]
[Result "1-0"]
[WhiteElo "2126"]
[BlackElo "2043"]
[PlyCount "77"]
[EventDate "2018.10.12"]
[EventType "team"]
[EventRounds "11"]
[EventCountry "AUT"]
[WhiteTeam "Hohenems II"]
[BlackTeam "Sparkasse Neumarkt"]

1. e4 e5 2. Nf3 Nc6 3. Bb5 a6 4. Ba4 Nf6 5. O-O Be7 6. Re1 b5 7. Bb3 O-O 8. a4
b4 9. d3 d6 10. Nbd2 Na5 11. Ba2 c5 12. c3 Nc6 13. d4 cxd4 14. cxd4 exd4 15.
Nb3 d3 16. Qxd3 Ne5 17. Nxe5 dxe5 18. Qxd8 Rxd8 19. f3 Be6 20. Be3 Rd3 21. Nc1
Rxe3 22. Rxe3 Bc5 23. Kf2 Rd8 24. Ke2 Bxe3 25. Kxe3 Bxa2 26. Nxa2 a5 27. Rc1
Nd7 28. Rd1 Kf8 29. Rd5 Ke7 30. Rxa5 Nb6 31. b3 Rc8 32. Rxe5+ Kd6 33. Rb5 Nd7
34. Nxb4 Rc3+ 35. Nd3 f6 36. Kd2 Rc8 37. a5 Ne5 38. Nxe5 fxe5 39. b4  1-0

[Event "2. Bundesliga West 2018/19"]
[Site "Kufstein; NMS II, Sporthalle Fischergries"]
[Date "2019.02.10"]
[Round "8"]
[Board "6"]
[White "Kampl, Walter"]
[Black "Heinrici, Simon"]
[Result "1/2-1/2"]
[WhiteElo "1875"]
[BlackElo "2088"]
[PlyCount "114"]
[EventDate "2018.10.12"]
[EventType "team"]
[EventRounds "11"]
[EventCountry "AUT"]
[WhiteTeam "Sparkasse Neumarkt"]
[BlackTeam "Hohenems II"]

1. f4 Nh6 2. Nf3 d5 3. e3 g6 4. b3 Bg7 5. Nc3 c5 6. Bb5+ Bd7 7. Bxd7+ Nxd7 8.
Bb2 Nf5 9. Rb1 e6 10. O-O O-O 11. e4 dxe4 12. Nxe4 Bxb2 13. Rxb2 Nf6 14. Nxf6+
Qxf6 15. Rb1 Rfd8 16. Qe2 Nd4 17. Nxd4 Rxd4 18. g3 a6 19. a4 Rd5 20. d3 Kg7 21.
Qe4 h5 22. b4 Qd4+ 23. Qxd4+ cxd4 24. Rb2 Rc8 25. Kf2 f5 26. Re1 Kf6 27. Ke2
Rc3 28. Kf2 Ra3 29. a5 Rb5 30. Rc1 Raxa5 31. c4 dxc3 32. Rxc3 Ra4 33. Rcb3 Rd5
34. h4 Ra1 35. Ke3 Re1+ 36. Kf2 Rc1 37. Ke2 Rc6 38. b5 axb5 39. Rxb5 Rc2+ 40.
Ke3 Rxb5 41. Rxb5 Rc7 42. Kd4 Rc1 43. Ke3 Rc7 44. Kd4 Rd7+ 45. Ke3 Ke7 46. Rb6
Kf7 47. d4 Rc7 48. Kd3 Kf6 49. d5 Re7 50. dxe6 Rxe6 51. Rxb7 Re1 52. Rb6+ Kg7
53. Rb7+ Kh6 54. Kd2 Rg1 55. Rb3 Rg2+ 56. Ke1 Kg7 57. Kf1 Ra2  1/2-1/2

[Event "2. Bundesliga West 2018/19"]
[Site "Hotel Servus Europa"]
[Date "2019.03.08"]
[Round "9"]
[Board "1"]
[White "Moroder, Stefan"]
[Black "Hoefelsauer, Thomas"]
[Result "0-1"]
[WhiteElo "2158"]
[BlackElo "2339"]
[PlyCount "138"]
[EventDate "2018.10.12"]
[EventType "team"]
[EventRounds "11"]
[EventCountry "AUT"]
[WhiteTeam "Rochade Rum"]
[BlackTeam "Wolfurt"]

1. e4 c6 2. d4 d5 3. e5 c5 4. dxc5 e6 5. Nf3 Bxc5 6. Bd3 Ne7 7. O-O Ng6 8. a3
O-O 9. Ng5 Qe8 10. Qh5 h6 11. Nf3 Nc6 12. b4 Bb6 13. Re1 a5 14. b5 Nd4 15. Nxd4
Bxd4 16. c3 Bc5 17. a4 f5 18. Na3 Qf7 19. Qe2 b6 20. Nc2 Bb7 21. Nd4 Rac8 22.
Bd2 Kh8 23. f4 Rg8 24. Qh5 Nxe5 25. Qxf7 Nxf7 26. Rxe6 Nd6 27. Rxd6 Bxd6 28.
Bxf5 Rce8 29. Bg6 Re7 30. Nf5 Bc5+ 31. Kf1 Rc7 32. Re1 Rf8 33. Nh4 Re7 34. Bd3
Rxe1+ 35. Kxe1 Re8+ 36. Kf1 d4 37. Ng6+ Kg8 38. Ne5 Bd5 39. c4 Be6 40. Nc6 Bd7
41. Ne5 Be6 42. Nc6 Bg4 43. Ne5 Bd1 44. Bg6 Re7 45. Be4 Rc7 46. Bd5+ Kf8 47. f5
Bxa4 48. Bf4 Re7 49. f6 gxf6 50. Ng6+ Ke8 51. Nxe7 Kxe7 52. Bxh6 Bb3 53. Ke2 a4
54. Bc1 a3 55. Kd3 a2 56. Bb2 f5 57. Bf3 Kf6 58. h4 f4 59. h5 Kg5 60. Ba1 Ba4
61. Bb2 Bb4 62. Bxd4 Be7 63. g3 fxg3 64. Be3+ Kf5 65. Be4+ Kg4 66. Bd4 Kxh5 67.
Bf3+ Kg5 68. Be3+ Kh4 69. Bd4 Kh3  0-1

[Event "2. Bundesliga West 2018/19"]
[Site "Hotel Servus Europa"]
[Date "2019.03.08"]
[Round "9"]
[Board "2"]
[White "Matt, Fabian"]
[Black "Jedinger, Andreas"]
[Result "1/2-1/2"]
[WhiteElo "2228"]
[BlackElo "2108"]
[PlyCount "93"]
[EventDate "2018.10.12"]
[EventType "team"]
[EventRounds "11"]
[EventCountry "AUT"]
[WhiteTeam "Wolfurt"]
[BlackTeam "Rochade Rum"]

1. e4 e5 2. Nf3 Nc6 3. d4 exd4 4. Bc4 Nf6 5. e5 d5 6. Bb5 Ne4 7. Nxd4 Bd7 8.
Bxc6 bxc6 9. O-O Bc5 10. f3 Ng5 11. f4 Ne4 12. Be3 Qe7 13. Nd2 Nxd2 14. Qxd2
O-O 15. Nb3 Bb6 16. Qc3 f6 17. Bc5 Bxc5+ 18. Nxc5 fxe5 19. fxe5 Rae8 20. Rae1
Bc8 21. Rxf8+ Rxf8 22. Nd3 Bf5 23. Qxc6 Be4 24. Re2 Qg5 25. Qe6+ Kh8 26. Rf2
Qe3 27. Qh3 Qd4 28. Qg3 Kg8 29. e6 Bxd3 30. cxd3 Qc5 31. h3 Qxf2+ 32. Qxf2 Rxf2
33. Kxf2 Kf8 34. Ke3 Ke7 35. Kd4 Kxe6 36. Kc5 Ke5 37. b4 g5 38. a4 Kf4 39. b5
Kg3 40. a5 Kxg2 41. Kc6 Kxh3 42. Kxc7 g4 43. b6 axb6 44. axb6 g3 45. b7 g2 46.
b8=Q g1=Q 47. Qb5  1/2-1/2

[Event "2. Bundesliga West 2018/19"]
[Site "Hotel Servus Europa"]
[Date "2019.03.08"]
[Round "9"]
[Board "3"]
[White "Berchtold, Clemens"]
[Black "Neuberger, Guido"]
[Result "1/2-1/2"]
[WhiteElo "2024"]
[BlackElo "2251"]
[PlyCount "61"]
[EventDate "2018.10.12"]
[EventType "team"]
[EventRounds "11"]
[EventCountry "AUT"]
[WhiteTeam "Rochade Rum"]
[BlackTeam "Wolfurt"]

1. d4 d5 2. c4 Bf5 3. cxd5 Bxb1 4. Qa4+ c6 5. dxc6 Nxc6 6. Rxb1 e5 7. Bd2 exd4
8. Nf3 g6 9. g3 Bg7 10. Bg2 Nge7 11. O-O O-O 12. Ne1 Re8 13. Nd3 Nd5 14. Rfe1
Rc8 15. Rbc1 Rc7 16. Ba5 Nxa5 17. Rxc7 Nxc7 18. Qxa5 Qb8 19. Kf1 b6 20. Qa4 b5
21. Qb4 Qb6 22. Rc1 Ne6 23. Rc6 Qb8 24. Qd6 Qxd6 25. Rxd6 Bf8 26. Rc6 Re7 27.
Ke1 Rc7 28. Kd2 Rxc6 29. Bxc6 Nd8 30. Kc2 f5 31. Nf4  1/2-1/2

[Event "2. Bundesliga West 2018/19"]
[Site "Hotel Servus Europa"]
[Date "2019.03.08"]
[Round "9"]
[Board "4"]
[White "Janko, Ladislav"]
[Black "Muehlbacher, Bernhard"]
[Result "1-0"]
[WhiteElo "2179"]
[BlackElo "2066"]
[PlyCount "89"]
[EventDate "2018.10.12"]
[EventType "team"]
[EventRounds "11"]
[EventCountry "AUT"]
[WhiteTeam "Wolfurt"]
[BlackTeam "Rochade Rum"]

1. e4 c6 2. Nf3 e6 3. c3 b6 4. d4 Bb7 5. Bd3 Nf6 6. Nbd2 d6 7. O-O Nbd7 8. Re1
c5 9. dxc5 dxc5 10. Nf1 Qc7 11. Ng3 c4 12. Bc2 g6 13. Bg5 Bg7 14. Qd2 h6 15.
Bxf6 Bxf6 16. Ba4 O-O-O 17. Qe2 a6 18. Bxd7+ Rxd7 19. a4 Rhd8 20. Nf1 Rd3 21.
Reb1 Kb8 22. Ne1 R3d6 23. b3 cxb3 24. Rxb3 a5 25. Rab1 Ka7 26. Nc2 Ba6 27. Qf3
R8d7 28. Nfe3 Bd8 29. Nd5 Qc5 30. Na3 f5 31. Nb5+ Bxb5 32. Rxb5 Qc4 33. Qe3
Qxa4 34. c4 f4 35. Qc3 Rc6 36. c5 Qxe4 37. cxb6+ Kb7 38. Qxa5 Rxd5 39. Qa7+ Kc8
40. b7+ Kd7 41. b8=Q+ Bc7 42. Rxd5+ Qxd5 43. Qf8 Qd3 44. Qf7+ Kd6 45. Qa2  1-0

[Event "2. Bundesliga West 2018/19"]
[Site "Hotel Servus Europa"]
[Date "2019.03.08"]
[Round "9"]
[Board "5"]
[White "Babinetz, Rainer"]
[Black "Bischofberger, Dario"]
[Result "0-1"]
[WhiteElo "1996"]
[BlackElo "2135"]
[PlyCount "40"]
[EventDate "2018.10.12"]
[EventType "team"]
[EventRounds "11"]
[EventCountry "AUT"]
[WhiteTeam "Rochade Rum"]
[BlackTeam "Wolfurt"]

1. e4 e6 2. d4 d5 3. Nc3 Nf6 4. e5 Nfd7 5. f4 c5 6. Nf3 Nc6 7. Be3 Be7 8. Bd3
O-O 9. O-O f6 10. exf6 Nxf6 11. dxc5 d4 12. Nxd4 Bxc5 13. Nf5 Qb6 14. Na4 Bxe3+
15. Kh1 Qa5 16. Nxe3 Qxa4 17. Rf3 Bd7 18. Rh3 h6 19. Ng4 Qxf4 20. Nxf6+ Rxf6
 0-1

[Event "2. Bundesliga West 2018/19"]
[Site "Hotel Servus Europa"]
[Date "2019.03.08"]
[Round "9"]
[Board "6"]
[White "Kalcher, Mathias"]
[Black "Ritzer, Franz"]
[Result "1/2-1/2"]
[WhiteElo "2070"]
[BlackElo "1822"]
[PlyCount "151"]
[EventDate "2018.10.12"]
[EventType "team"]
[EventRounds "11"]
[EventCountry "AUT"]
[WhiteTeam "Wolfurt"]
[BlackTeam "Rochade Rum"]

1. c4 e5 2. Nc3 Nc6 3. e3 f5 4. d4 Nf6 5. dxe5 Nxe5 6. Nf3 d6 7. b3 g6 8. Bb2
Nc6 9. c5 Be6 10. Ng5 Bg8 11. Bc4 d5 12. Nxd5 Nxd5 13. Bxh8 Qxg5 14. Bxd5 O-O-O
15. h4 Qe7 16. Bxg8 Rxd1+ 17. Rxd1 f4 18. Bd4 Nxd4 19. Rxd4 fxe3 20. O-O Bg7
21. Rc4 Bh6 22. fxe3 Bxe3+ 23. Kh1 Bxc5 24. Be6+ Kb8 25. Bh3 a6 26. g3 Bd6 27.
Rc3 g5 28. hxg5 Qxg5 29. Rcf3 h5 30. Bf5 Bxg3 31. Rg1 Qh4+ 32. Kg2 Bd6 33. Rh1
Qg5+ 34. Kf1 h4 35. a4 Bg3 36. Kg2 Bf4+ 37. Kf1 Qxf5 38. Rxh4 Qb1+ 39. Ke2 Qe4+
40. Kf2 Be3+ 41. Kg3 Qe5+ 42. Kg2 Qg5+ 43. Kh3 Qg1 44. Rg4 Qh1+ 45. Kg3 Bc5 46.
Re4 Ka7 47. Kg4 Bd6 48. Ree3 b5 49. axb5 axb5 50. Kf5 Qh7+ 51. Ke6 Kb6 52. Kd5
Qg8+ 53. Ke4 Qe6+ 54. Kd3 Qxb3+ 55. Kd2 Qxe3+ 56. Kxe3 Ka5 57. Kd3 c5 58. Kc2
Ka4 59. Rf6 Be5 60. Re6 Bd4 61. Ra6+ Kb4 62. Rd6 Kc4 63. Rd8 Be5 64. Re8 Bc7
65. Re4+ Kd5 66. Re7 Kd6 67. Rh7 c4 68. Rh5 Kc6 69. Kc3 Ba5+ 70. Kd4 Bb4 71.
Rh6+ Bd6 72. Rg6 Kd7 73. Rg5 Kc6 74. Rg6 Kd7 75. Rg5 Kc6 76. Rg6  1/2-1/2

[Event "2. Bundesliga West 2018/19"]
[Site "Hotel Servus Europa"]
[Date "2019.03.08"]
[Round "9"]
[Board "1"]
[White "Bilchinski, Anton"]
[Black "Breneis, Lukas"]
[Result "1/2-1/2"]
[WhiteElo "2301"]
[BlackElo "2192"]
[PlyCount "47"]
[EventDate "2018.10.12"]
[EventType "team"]
[EventRounds "11"]
[EventCountry "AUT"]
[WhiteTeam "Pradl"]
[BlackTeam "SPG Oberland"]

1. d4 f5 2. g3 Nf6 3. Bg2 e6 4. c4 d5 5. Nf3 c6 6. O-O Bd6 7. b3 b5 8. Nbd2
Nbd7 9. Bb2 O-O 10. Ne5 Bb7 11. Ndf3 Qe7 12. Qd3 a6 13. a4 bxc4 14. bxc4 c5 15.
Nxd7 Nxd7 16. Ne5 Bxe5 17. dxe5 dxc4 18. Qxc4 Nb6 19. Qc2 Bxg2 20. Kxg2 Nd5 21.
Ba3 Rfc8 22. Rac1 Qb7 23. Kg1 c4 24. e4  1/2-1/2

[Event "2. Bundesliga West 2018/19"]
[Site "Hotel Servus Europa"]
[Date "2019.03.08"]
[Round "9"]
[Board "2"]
[White "Schnegg, Anna-Lena"]
[Black "Eybl, Alexander"]
[Result "0-1"]
[WhiteElo "2184"]
[BlackElo "2289"]
[PlyCount "42"]
[EventDate "2018.10.12"]
[EventType "team"]
[EventRounds "11"]
[EventCountry "AUT"]
[WhiteTeam "SPG Oberland"]
[BlackTeam "Pradl"]

1. c4 e6 2. g3 d5 3. Bg2 Nf6 4. Nf3 Nbd7 5. O-O Be7 6. d4 c6 7. b3 O-O 8. Nc3
b6 9. Qc2 Ba6 10. Nd2 Rc8 11. e4 c5 12. exd5 exd5 13. Nxd5 Nxd5 14. Bxd5 cxd4
15. Bb2 Nf6 16. Be4 Nxe4 17. Qxe4 Bc5 18. Nf3 Re8 19. Qg4 Bb7 20. Rfe1 Qf6 21.
Qd7 Bc6  0-1

[Event "2. Bundesliga West 2018/19"]
[Site "Hotel Servus Europa"]
[Date "2019.03.08"]
[Round "9"]
[Board "3"]
[White "Wohlfahrt, Herbert"]
[Black "Schnegg, Daniel"]
[Result "1-0"]
[WhiteElo "2262"]
[BlackElo "2117"]
[PlyCount "75"]
[EventDate "2018.10.12"]
[EventType "team"]
[EventRounds "11"]
[EventCountry "AUT"]
[WhiteTeam "Pradl"]
[BlackTeam "SPG Oberland"]

1. d4 Nf6 2. Nf3 d6 3. g3 g6 4. Bg2 Bg7 5. O-O O-O 6. b3 c6 7. Bb2 Qc7 8. c4
Re8 9. Nc3 Nbd7 10. e4 e5 11. Qc2 Nf8 12. Rfe1 Ne6 13. Rad1 Nd7 14. d5 Nd4 15.
Nxd4 exd4 16. Ne2 c5 17. h3 Ne5 18. Nc1 f5 19. f4 Nf7 20. exf5 Bxf5 21. Nd3 Qa5
22. Rxe8+ Rxe8 23. Bf1 Re3 24. g4 Bxd3 25. Bxd3 Rxh3 26. Kg2 Re3 27. Bc1 Re7
28. g5 Qc3 29. Qf2 h6 30. Bxg6 hxg5 31. Bd2 Qb2 32. Re1 Bf6 33. Re6 Kg7 34.
fxg5 Rxe6 35. dxe6 Nxg5 36. Bf5 Qxa2 37. Qe2 Nxe6 38. Bh6+  1-0

[Event "2. Bundesliga West 2018/19"]
[Site "Hotel Servus Europa"]
[Date "2019.03.08"]
[Round "9"]
[Board "4"]
[White "Moritz, Christian"]
[Black "Doskocil, Klaus"]
[Result "0-1"]
[WhiteElo "2100"]
[BlackElo "2190"]
[PlyCount "88"]
[EventDate "2018.10.12"]
[EventType "team"]
[EventRounds "11"]
[EventCountry "AUT"]
[WhiteTeam "SPG Oberland"]
[BlackTeam "Pradl"]

1. d4 d5 2. Bf4 Nf6 3. e3 c5 4. c3 Nc6 5. Nd2 e6 6. Bd3 cxd4 7. exd4 Bd6 8. Bg3
O-O 9. Ngf3 Qe7 10. Ne5 Nd7 11. f4 f5 12. Ndf3 Nf6 13. O-O Ne4 14. Bh4 Qe8 15.
Nd2 Nxe5 16. fxe5 Be7 17. Bxe7 Qxe7 18. Bxe4 fxe4 19. Rxf8+ Qxf8 20. Qe2 Bd7
21. Nf1 Rc8 22. Rc1 a6 23. b3 Qa3 24. Qd2 Bb5 25. Ne3 Bd3 26. c4 b6 27. h3 a5
28. Rc3 Qb4 29. Qc1 dxc4 30. a3 Qe7 31. bxc4 Qd8 32. d5 Qg5 33. dxe6 Qxe5 34.
Nd5 Qxe6 35. Nf4 Qd6 36. Nxd3 exd3 37. Qd2 Rd8 38. Rb3 h6 39. Kh1 Qg3 40. Rb1
Re8 41. Rg1 Re2 42. Qc3 Qe3 43. Kh2 Qxg1+ 44. Kxg1 d2  0-1

[Event "2. Bundesliga West 2018/19"]
[Site "Hotel Servus Europa"]
[Date "2019.03.08"]
[Round "9"]
[Board "5"]
[White "Everett, Elijah"]
[Black "Pali, Philipp"]
[Result "0-1"]
[WhiteElo "2232"]
[BlackElo "2071"]
[PlyCount "42"]
[EventDate "2018.10.12"]
[EventType "team"]
[EventRounds "11"]
[EventCountry "AUT"]
[WhiteTeam "Pradl"]
[BlackTeam "SPG Oberland"]

1. e4 e6 2. d4 d5 3. Nc3 Bb4 4. e5 c5 5. a3 Bxc3+ 6. bxc3 Ne7 7. Qg4 cxd4 8.
Qxg7 Rg8 9. Qxh7 Qc7 10. Ne2 dxc3 11. f4 Nbc6 12. Qd3 d4 13. Nxd4 Nxd4 14. Qxd4
b6 15. Rg1 Bb7 16. Bb5+ Kf8 17. g4 Rd8 18. Qf2 Rh8 19. Be3 Be4 20. Rg3 Qb7 21.
Bd4 Qd5  0-1

[Event "2. Bundesliga West 2018/19"]
[Site "Hotel Servus Europa"]
[Date "2019.03.08"]
[Round "9"]
[Board "6"]
[White "Mantl, Karl"]
[Black "Matt, Stefan"]
[Result "0-1"]
[WhiteElo "1616"]
[BlackElo "2174"]
[PlyCount "48"]
[EventDate "2018.10.12"]
[EventType "team"]
[EventRounds "11"]
[EventCountry "AUT"]
[WhiteTeam "SPG Oberland"]
[BlackTeam "Pradl"]

1. Nf3 f5 2. d4 Nf6 3. c4 g6 4. Nc3 Bg7 5. e3 d6 6. Be2 O-O 7. Qb3 h6 8. h3 Nc6
9. Bd2 Ne4 10. Bd3 Nxd2 11. Nxd2 Kh7 12. a3 a5 13. Qc2 e5 14. d5 e4 15. Bxe4
fxe4 16. dxc6 bxc6 17. O-O-O Rxf2 18. g4 Rb8 19. Rdf1 Qh4 20. Ncxe4 Bxb2+ 21.
Kd1 Bxg4+ 22. hxg4 Qxg4+ 23. Nf3 Qxf3+ 24. Ke1 Qxe3+  0-1

[Event "2. Bundesliga West 2018/19"]
[Site "Hotel Servus Europa"]
[Date "2019.03.08"]
[Round "9"]
[Board "1"]
[White "Fedorovsky, Michael"]
[Black "Frank, Emanuel"]
[Result "1-0"]
[WhiteElo "2481"]
[BlackElo "2175"]
[PlyCount "54"]
[EventDate "2018.10.12"]
[EventType "team"]
[EventRounds "11"]
[EventCountry "AUT"]
[WhiteTeam "Jenbach 2"]
[BlackTeam "ASK Salzburg"]

1. d4 d5 2. c4 e6 3. Nc3 Be7 4. Nf3 Nf6 5. Bf4 O-O 6. a3 b6 7. e3 Bb7 8. cxd5
Nxd5 9. Nxd5 Qxd5 10. Bxc7 Na6 11. Bg3 Qa5+ 12. Nd2 Rac8 13. f3 Rfd8 14. Bd3
Nc5 15. Be2 Nd7 16. O-O Bg5 17. Nc4 Rxc4 18. Bxc4 Bxe3+ 19. Kh1 b5 20. Qb3 Bxd4
21. Rfd1 Ba6 22. Bxe6 Nc5 23. Bxf7+ Kf8 24. Qb4 Qxb4 25. axb4 Na4 26. Ba2 Bf6
27. Rxd8+ Bxd8  1-0

[Event "2. Bundesliga West 2018/19"]
[Site "Hotel Servus Europa"]
[Date "2019.03.08"]
[Round "9"]
[Board "2"]
[White "Burschowsky, Matthias"]
[Black "Reich, Thomas"]
[Result "1-0"]
[WhiteElo "2227"]
[BlackElo "2360"]
[PlyCount "107"]
[EventDate "2018.10.12"]
[EventType "team"]
[EventRounds "11"]
[EventCountry "AUT"]
[WhiteTeam "ASK Salzburg"]
[BlackTeam "Jenbach 2"]

1. c4 Nf6 2. g3 g6 3. Bg2 Bg7 4. Nc3 O-O 5. d3 d6 6. Rb1 a5 7. a3 e5 8. b4 axb4
9. axb4 Nc6 10. Nf3 Re8 11. Bg5 h6 12. Bxf6 Bxf6 13. O-O Bg7 14. b5 Ne7 15. Ne1
h5 16. Nc2 h4 17. Nb4 Rf8 18. Nbd5 Nf5 19. Ne4 Nd4 20. e3 Ne6 21. Qc2 f5 22.
Nd2 f4 23. d4 Ng5 24. exf4 exf4 25. Nxf4 Rxf4 26. gxf4 Nh3+ 27. Bxh3 Bxh3 28.
Qxg6 Qd7 29. Ra1 Rf8 30. Rfe1 Bf5 31. Qg5 Rf6 32. Kh1 h3 33. Rg1 Kh7 34. Ra3
Rg6 35. Qh5+ Rh6 36. Qg5 Rg6 37. Qh5+ Rh6 38. Qe2 d5 39. cxd5 Qxd5+ 40. f3 Re6
41. Re3 Bxd4 42. Rxe6 Qxe6 43. Qxe6 Bxe6 44. Re1 Bd5 45. Re7+ Kg6 46. Rxc7 Kf5
47. Rh7 Kxf4 48. Rxh3 b6 49. Kg2 Ke3 50. Nf1+ Kd3 51. Rh5 Bf7 52. Rf5 Be6 53.
Rg5 Bc5 54. h4  1-0

[Event "2. Bundesliga West 2018/19"]
[Site "Hotel Servus Europa"]
[Date "2019.03.08"]
[Round "9"]
[Board "3"]
[White "Binder, Moriz"]
[Black "Juergens, Klaus"]
[Result "1/2-1/2"]
[WhiteElo "2234"]
[BlackElo "2149"]
[PlyCount "72"]
[EventDate "2018.10.12"]
[EventType "team"]
[EventRounds "11"]
[EventCountry "AUT"]
[WhiteTeam "Jenbach 2"]
[BlackTeam "ASK Salzburg"]

1. e4 c5 2. Nf3 Nc6 3. d4 cxd4 4. Nxd4 Nf6 5. Nc3 d6 6. Bc4 Bd7 7. f3 Nxd4 8.
Qxd4 g6 9. Bg5 Bg7 10. Bb3 O-O 11. Qd2 b5 12. O-O-O Bc6 13. h4 a5 14. h5 Nxh5
15. g4 Nf6 16. Qh2 h5 17. gxh5 Nxh5 18. Qg2 a4 19. Bd5 Bxd5 20. Nxd5 Nf6 21.
Bxf6 exf6 22. Qh3 Re8 23. Qh7+ Kf8 24. Rh2 Re5 25. f4 Rxd5 26. Rxd5 Qb6 27. Qh3
Re8 28. Re2 f5 29. Qg2 fxe4 30. Rxe4 Rxe4 31. Qxe4 Qg1+ 32. Kd2 Qf2+ 33. Kd3
Qf1+ 34. Kd2 Qf2+ 35. Kd3 Qf1+ 36. Kd2 Qf2+  1/2-1/2

[Event "2. Bundesliga West 2018/19"]
[Site "Hotel Servus Europa"]
[Date "2019.03.08"]
[Round "9"]
[Board "4"]
[White "Besner, Bernhard"]
[Black "Hoellrigl, Wilfried"]
[Result "1/2-1/2"]
[WhiteElo "2151"]
[BlackElo "2170"]
[PlyCount "61"]
[EventDate "2018.10.12"]
[EventType "team"]
[EventRounds "11"]
[EventCountry "AUT"]
[WhiteTeam "ASK Salzburg"]
[BlackTeam "Jenbach 2"]

1. e4 Nf6 2. e5 Nd5 3. d4 d6 4. c4 Nb6 5. exd6 exd6 6. Nc3 Nc6 7. Be3 Be7 8.
Nf3 Bg4 9. h3 Bh5 10. b3 Bf6 11. Be2 Bg6 12. Qd2 d5 13. O-O O-O 14. Rad1 Re8
15. Rfe1 Qd7 16. c5 Nc8 17. Bg5 Bxg5 18. Qxg5 N8e7 19. Bb5 f6 20. Qf4 a6 21.
Bd3 Bxd3 22. Rxd3 Ng6 23. Qc1 Rxe1+ 24. Qxe1 Re8 25. Re3 Rxe3 26. Qxe3 Kf7 27.
Ne2 Qf5 28. Kh2 h6 29. a3 a5 30. Nc3 Nf8 31. g4  1/2-1/2

[Event "2. Bundesliga West 2018/19"]
[Site "Hotel Servus Europa"]
[Date "2019.03.08"]
[Round "9"]
[Board "5"]
[White "Heinrich, Thomas"]
[Black "Scheiblmaier, Robert"]
[Result "1/2-1/2"]
[WhiteElo "2144"]
[BlackElo "2192"]
[PlyCount "36"]
[EventDate "2018.10.12"]
[EventType "team"]
[EventRounds "11"]
[EventCountry "AUT"]
[WhiteTeam "Jenbach 2"]
[BlackTeam "ASK Salzburg"]

1. e4 e6 2. d4 d5 3. exd5 exd5 4. Nf3 Bd6 5. c4 Nf6 6. Nc3 c6 7. Bd3 O-O 8. O-O
Bg4 9. h3 Bh5 10. Bg5 dxc4 11. Bxc4 Nbd7 12. g4 Bg6 13. Nh4 Re8 14. f4 Be4 15.
Qb3 Nc5 16. Qd1 Ncd7 17. Qb3 Nc5 18. Qd1 Ncd7  1/2-1/2

[Event "2. Bundesliga West 2018/19"]
[Site "Hotel Servus Europa"]
[Date "2019.03.08"]
[Round "9"]
[Board "6"]
[White "Herrmann, Michael"]
[Black "Kondrak, Christof"]
[Result "1/2-1/2"]
[WhiteElo "2124"]
[BlackElo "2107"]
[PlyCount "61"]
[EventDate "2018.10.12"]
[EventType "team"]
[EventRounds "11"]
[EventCountry "AUT"]
[WhiteTeam "ASK Salzburg"]
[BlackTeam "Jenbach 2"]

1. c4 e6 2. Nf3 b6 3. g3 Bb7 4. Bg2 Nf6 5. b3 Be7 6. Bb2 O-O 7. O-O c5 8. d3 d5
9. e3 Nfd7 10. Nbd2 a6 11. Qe2 b5 12. Rac1 Re8 13. a3 Nc6 14. Rfd1 Qb6 15. Rc2
a5 16. Rb1 a4 17. bxa4 b4 18. d4 Rxa4 19. dxc5 Bxc5 20. cxd5 exd5 21. Qd1 Rea8
22. axb4 Rxb4 23. Bc3 Rxb1 24. Qxb1 Qxb1+ 25. Nxb1 Ra4 26. Nbd2 Bf8 27. h4 Nb4
28. Bxb4 Rxb4 29. Nd4 Nc5 30. Ra2 Ne4 31. N2b3  1/2-1/2

[Event "2. Bundesliga West 2018/19"]
[Site "Hotel Servus Europa"]
[Date "2019.03.08"]
[Round "9"]
[Board "1"]
[White "Rotstein, Arkadij"]
[Black "Koepke, Christian"]
[Result "1/2-1/2"]
[WhiteElo "2481"]
[BlackElo "2316"]
[PlyCount "74"]
[EventDate "2018.10.12"]
[EventType "team"]
[EventRounds "11"]
[EventCountry "AUT"]
[WhiteTeam "Absam"]
[BlackTeam "Kufstein/Woergl"]

1. Nf3 Nf6 2. d4 g6 3. Nbd2 Bg7 4. e4 d6 5. Bb5+ c6 6. Bd3 O-O 7. O-O c5 8.
dxc5 dxc5 9. Qe2 Nc6 10. c3 Qc7 11. Nc4 Rd8 12. Bc2 b6 13. Bb3 b5 14. Ne3 c4
15. Bc2 Bb7 16. a4 a6 17. Rd1 e6 18. Rxd8+ Rxd8 19. axb5 axb5 20. h3 Nd7 21.
Ng4 h5 22. Nh6+ Kf8 23. b3 Bxc3 24. Rb1 Nc5 25. bxc4 b4 26. Be3 Nd4 27. Nxd4
Bxd4 28. Rxb4 Bxe3 29. Qxe3 Bxe4 30. Qc3 Bxc2 31. Qh8+ Ke7 32. Ng8+ Rxg8 33.
Qxg8 Qf4 34. Rb8 Qc1+ 35. Kh2 Qf4+ 36. Kg1 Qc1+ 37. Kh2 Qf4+  1/2-1/2

[Event "2. Bundesliga West 2018/19"]
[Site "Hotel Servus Europa"]
[Date "2019.03.08"]
[Round "9"]
[Board "2"]
[White "Rusche, Johannes"]
[Black "Lehner, Oliver"]
[Result "0-1"]
[WhiteElo "2289"]
[BlackElo "2399"]
[PlyCount "62"]
[EventDate "2018.10.12"]
[EventType "team"]
[EventRounds "11"]
[EventCountry "AUT"]
[WhiteTeam "Kufstein/Woergl"]
[BlackTeam "Absam"]

1. e4 c6 2. d4 d5 3. f3 Qb6 4. Nc3 dxe4 5. Nxe4 Nf6 6. c3 Nbd7 7. Bc4 e6 8. Qe2
Be7 9. Bf4 O-O 10. O-O-O Nd5 11. Bg3 Qa5 12. Nh3 b5 13. Bb3 N7b6 14. Rhe1 Nc4
15. Kb1 Ba6 16. Bxc4 bxc4 17. Nf4 Rfe8 18. Nxd5 cxd5 19. Nd6 Rf8 20. Ka1 g6 21.
h4 Rad8 22. Nxf7 Rxf7 23. Qxe6 Bc8 24. Qe3 Bf5 25. Be5 Bc2 26. Rd2 Bb3 27. a3
Bxa3 28. bxa3 Qxc3+ 29. Kb1 Rb7 30. Bf6 Ba4+ 31. Rb2 Qxb2#  0-1

[Event "2. Bundesliga West 2018/19"]
[Site "Hotel Servus Europa"]
[Date "2019.03.08"]
[Round "9"]
[Board "3"]
[White "Weinzettl, Ernst"]
[Black "Neuschmied, Siegfried"]
[Result "1/2-1/2"]
[WhiteElo "2220"]
[BlackElo "2284"]
[PlyCount "72"]
[EventDate "2018.10.12"]
[EventType "team"]
[EventRounds "11"]
[EventCountry "AUT"]
[WhiteTeam "Absam"]
[BlackTeam "Kufstein/Woergl"]

1. e4 g6 2. d4 Bg7 3. Nc3 d6 4. Bg5 a6 5. Nf3 b5 6. a4 b4 7. Nd5 Nc6 8. c3 bxc3
9. bxc3 Qd7 10. Bd3 e6 11. Ne3 h6 12. Bh4 Nf6 13. O-O O-O 14. Qc2 Nh5 15. Bg3
Na5 16. Nd2 Bb7 17. Nec4 Nxc4 18. Nxc4 a5 19. Na3 Rfc8 20. Rfb1 Ba6 21. Bxa6
Rxa6 22. Rb5 Nxg3 23. hxg3 c6 24. Rb2 c5 25. d5 exd5 26. exd5 Re8 27. Nc4 Qe7
28. Rab1 Qf6 29. Rb8 Ra8 30. Rxa8 Rxa8 31. Qe4 Bf8 32. Qf3 Qe7 33. Rb5 Re8 34.
Ne3 Bg7 35. c4 Bc3 36. Kh2 Bd4  1/2-1/2

[Event "2. Bundesliga West 2018/19"]
[Site "Hotel Servus Europa"]
[Date "2019.03.08"]
[Round "9"]
[Board "4"]
[White "Blaskowski, Johannes"]
[Black "Deglmann, Ludwig"]
[Result "1/2-1/2"]
[WhiteElo "2301"]
[BlackElo "2270"]
[PlyCount "60"]
[EventDate "2018.10.12"]
[EventType "team"]
[EventRounds "11"]
[EventCountry "AUT"]
[WhiteTeam "Kufstein/Woergl"]
[BlackTeam "Absam"]

1. e4 e6 2. d4 d5 3. exd5 exd5 4. Bd3 c5 5. dxc5 Bxc5 6. Qe2+ Ne7 7. Nf3 Nbc6
8. O-O Bg4 9. c3 Qd7 10. Bf4 O-O 11. h3 Bf5 12. Qc2 Rac8 13. Nbd2 Bb6 14. Bxf5
Nxf5 15. Rad1 Rfd8 16. Nc4 Ncd4 17. Nxd4 Bxd4 18. Ne3 Nxe3 19. Bxe3 Bxe3 20.
fxe3 Qe6 21. Qf2 Re8 22. Rd3 Rc4 23. Rfd1 Re4 24. Rxd5 Rxe3 25. Rd6 Qe4 26. Rd8
h6 27. Rxe8+ Qxe8 28. Rf1 b6 29. Qf4 Qe7 30. Qb8+ Kh7  1/2-1/2